000 00403nam a2200157Ia 4500
008 230711s9999||||xx |||||||||||||| ||und||
041 _aENG
082 _a658
_bME-M
100 _aMehta,PL
245 0 _aManagerial economics : analysis problems and cases
250 _a12th Ed.
260 _c2006
_aNew Delhi
_bSultan Chand & Sons
300 _a837
650 _aUNIVESITY BUSNIESS SCHOOL
942 _cBK
999 _c4515
_d4515